Random City to U.S State #2 - Statistics

General Stats
  • This quiz has been taken 109 times
  • The average score is 12 of 20
Answers on the Map
Answers color-coded by a green-red scale on the quiz's map according to % correct below.
 
Answer Stats
City Answer % Correct
Ann Arbor Michigan
90%
Scottsdale Arizona
88%
St. Augustine Florida
87%
Dodge City Kansas
86%
Rio Rancho New Mexico
84%
Butte Montana
81%
Tuscaloosa Alabama
79%
Bowling Green Kentucky
78%
Grand Forks North Dakota
70%
Champaign Illinois
66%
Pocatello Idaho
65%
Enid Oklahoma
60%
Aberdeen South Dakota
53%
Edinburg Texas
47%
Janesville Wisconsin
45%
Wenatchee Washington
43%
Watertown New York
35%
Fernley Nevada
26%
Torrington Connecticut
21%
Roseburg Oregon
21%
No matching quizzes found
Score Distribution
Percent of People with Each Score
Percentile by Number Answered
Your Score History
You have not taken this quiz